000 00896nam a2200217Ia 4500
003 Ost
005 20260507074940.0
008 260507s9999||||xx |||||||||||||| ||und||
020 _a9959100375
040 _cfsecg
041 _aara
082 _a519
100 _aرشيد الكيخيا، نجاة
_eمؤلف
245 0 _aاساسيات الاستنتاج الاحصائي /
_c نجاة رشيد الكيخيا
260 _aالقاهرة:
_bدار المريخ للنشر,
_c2007
300 _a424 صفحة؛
_bإيضاحات ؛
_c24 سم
504 _aبيبليوغرافيا ص.423
520 _aيحتوي هذا الكتاب على خمسة فصول كالتالي توزيع المعاينة ، التقدير الاحصائي اختبارات الفروض ، تحليل التباين ،تحليل الانحدار البسيط
653 _aاحصاء
942 _cكتاب
999 _c41923
_d41923